00821cam a2200265 a 450000100090000000300050000900500170001400800410003101000170007202000270008903500270011603800110014304000180015405000170017208200150018910000300020424000110023424500830024526000320032830000320036050500600039265000300045265000260048265100470050812491384Nust20180716043600.0891024s1996 enka 00011 eng d a 2001411738 a9781851520503cRs. 860 a(CStRLIN)NJRG89-B30173 aArshad aNjRcNjRdDLC00aPR4030b199600a823.7bAUS1 aAusten, Jane,d1775-1817.10aNovels14aThe complete illustrated novels of Jane Austen /cillustrated by Hugh Thomson. aLondon :bChancellor,c1996 av. <2 > :bill. ;c22 cm.1 av. 2. Sense and sensibility -- Emma -- Northanger Abbey 0aRomance fiction, English. 0aYoung womenvFiction. 0aEnglandxSocial life and customsvFiction.